000 00484nam a2200169 4500
001 126450
003 ES-MaACL
005 20230906192825.0
007 t|
008 070214s1972 sp r ||||1| spa d
100 1 _aReouven, René.
_996252
245 1 3 _aUn asesino sin suerte /
_cRené Reouven ; [traducción de José Elías].
260 _aBarcelona :
_bBarral,
_c1972.
300 _a169 p. ;
_c19 cm.
700 1 _aElías, Josep.
_946965
852 _aES-MaACL
_jC-52168
_bR.82490
999 _c126450
_d126450